Devine le tableau - Renaissance #4 - Statistiques

Statistiques générales
  • Ce quiz a été pris 153 fois
  • Le résultat moyen est 3 sur 10
Statistiques - réponses
Par images Hint Réponse % Correct
Le Printemps
80%
Jean Clouet, 1530 Portrait de François Ier
75%
Verrochio (& De Vinci), 1472-75 Le Baptème du Christ
40%
La Création d'Adam
39%
Albrecht Dürer, 1493 Portrait de l'artiste tenant un chardon
25%
La Belle Ferronière
10%
La Dame à la Licorne
10%
Botticelli, 1483 Vénus et Mars
9%
Piero della Francesca, 1473-75 Le Triomphe de la Chasteté
7%
Hans Memling, fini en 1479 Retable des deux saints Jean
0%
Aucun quiz correspondant
Distribution des résultats
% des personnes avec chaque résultat
Percentile par nombre de réponses
Votre historique - résultats
Vous n’avez pas pris ce quiz